00000000cas 2200000zi 4500
0019.905039
003CaOODSP
00520240703102706
006m     o  d f      
007cr |||||||||||
008211118d20082014oncar p o    f0###a0eng|d
040 |aCaOODSP|beng|erda|cCaOODSP
043 |an-cn---
0861 |aA101-19E-PDF
24500|aChildren's food project : |breport on sampling / |cCanadian Food Inspection Agency.
264 1|aOttawa : |bCanadian Food Inspection Agency = Agence canadienne d'inspection des aliments
310 |aAnnual
336 |atext|btxt|2rdacontent
337 |acomputer|bc|2rdamedia
338 |aonline resource|bcr|2rdacarrier
3621 |aBegan with 2007/2008; ceased with 2013/2014.
500 |aIssued also in French under title: Projet sur les aliments destinés aux enfants - rapport d'échantillonage.
588 |aDescription based on: 2007/2008.
588 |aLatest issue consulted: 2013/2014.
650 0|aBaby foods|xContamination|zCanada|vPeriodicals.
655 7|aPeriodicals|2lcgft
7102 |aCanadian Food Inspection Agency, |eissuing body.
77508|tProjet sur les aliments destinés aux enfants : |w(CaOODSP)9.905067
78500|tAnnual report / |w(CaOODSP)9.905055